Double 'O' Blitz Quiz Stats

 Plays Quiz Updated Oct 18, 2017

Score 0/60 Timer 01:00
6 Plays Today
% Correct
???
81.9%
???
81.5%
???
81.4%
???
81.4%
???
81.4%
???
80.6%
???
80.6%
???
80.5%
???
80.5%
???
80.5%
???
80.4%
???
80.3%
???
80.2%
???
80.1%
???
79.9%
???
79.9%
???
79.9%
???
79.9%
???
79.8%
???
79.7%
???
79.6%
???
79.6%
???
79.4%
???
79.3%
???
79.2%
???
79.1%
???
79%
???
79%
???
78.9%
???
78.7%
% Correct
???
78.5%
???
78.5%
???
78.2%
???
78.1%
???
78%
???
77.8%
???
77.3%
???
77.3%
???
77.2%
???
76.8%
???
76.7%
???
76.4%
???
76.3%
???
76%
???
75.5%
???
75.3%
???
75.3%
???
75%
???
74.9%
???
74.7%
???
74.6%
???
73.8%
???
73.4%
???
73.1%
???
72.3%
???
72.2%
???
72.1%
???
72.1%
???
69.9%
???
65.5%

You're not logged in!

Compare scores with friends on all Sporcle quizzes.
OR
Log In

You Might Also Like...

Show Comments

Extras

Top Quizzes Today


Score Distribution

Your Account Isn't Verified!

In order to create a playlist on Sporcle, you need to verify the email address you used during registration. Go to your Sporcle Settings to finish the process.

Report this User

Report this user for behavior that violates our Community Guidelines.

Details: